Informačné systémy údržby

Bibliographic Details
Main Authors: Stuchlý, Vladimír, 1950- (Author), Poprocký, Roman (Author)
Format: Book
Language:Slovak
English
PhysicalDescription:46 s. grafy, sch. 30 cm
Published: Žilina Žilinská univerzita 2010
ISBN:9788055401614
Edition:1. vyd.
Series:Manažér údržby. Tútoriál
Subjects:

MARC

LEADER 00000nam a2200000 a 4500
001 vtls010195823
003 SK-MaSNL
005 20260301213212.0
008 251029s2010 xo dl d p 000 0 slo
015 |a SNBA2011/02-00920 
020 |a 9788055401614  |q (brož.) 
035 |a 0F3C62E9-8B74-46DE-B926-52F5A46FB89E 
035 |a urn:nbn:sk:snk-amjx5h 
035 |a urn:nbn:sk:snk-am007xqk 
040 |a SNK  |b slo  |c SNK  |e AACR2 
041 0 |a slo  |a eng 
044 |a xo  |c SK 
072 7 |a 007  |x Teória systémov. Automatické systémy. Kybernetika. Informačné systémy  |2 konspekt 
080 |a 007+004  |2 2001 
080 |a 658.58  |2 2001 
080 |a 37.018.43  |2 2001 
080 |a 005.591  |2 2001 
080 |a (075.8)  |2 2001 
100 1 |a Stuchlý, Vladimír,  |d 1950-  |4 aut  |9 117523 
245 1 0 |a Informačné systémy údržby  |c Vladimír Stuchlý, Roman Poprocký 
250 |a 1. vyd. 
260 |a Žilina  |b Žilinská univerzita  |c 2010 
300 |a 46 s.  |b grafy, sch.  |c 30 cm 
366 |e 50 výt. 
490 1 |a Manažér údržby. Tútoriál  |v 12 
500 |a Názov z obalu 
546 |a Čiast. text angl. 
650 0 7 |a informačné systémy  |2 SNKPH  |9 1128 
650 0 7 |a opravy a údržba  |2 SNKPH  |9 67615 
650 0 7 |a dištančné vzdelávanie  |2 SNKPH  |9 4329 
650 0 7 |a programy a projekty  |2 SNKPH  |9 82765 
650 0 7 |a Information systems  |2 SNKPHeng  |9 100187 
650 0 7 |a Maintenance and repair  |2 SNKPHeng  |9 286963 
650 0 7 |a Distance education  |2 SNKPHeng  |9 270238 
650 0 7 |a Programs and projects  |2 SNKPHeng  |9 274896 
655 7 |a učebnice vysokých škôl  |2 SNKPH  |9 70191 
655 7 |a Textbooks (higher)  |2 SNKPHeng  |9 276436 
700 1 |a Poprocký, Roman  |4 aut  |9 79579 
830 0 |a Manažér údržby. Tútoriál  |9 599798 
919 |a 978-80-554-0161-4 
958 |a OND 
968 |d 0 
999 |c 920791  |d 922721 
952 |a SNK  |b SNK  |y PREZ  |7 0  |p 17A0678650  |o snkSB 80606  |i snk2010/27267  |8 0  |0 0  |1 0  |4 0  |d 2010-12-08  |f 1  |l 0  |r 2025-05-05 00:00:00  |w 2026-02-24 
952 |a SNK  |b SNK  |y VYP  |7 0  |p 17A0678651  |o snkSB 80606 D1  |i snk2010/27268  |8 0  |0 0  |1 0  |4 0  |d 2010-12-08  |l 0  |r 2016-06-30 00:00:00  |w 2026-02-24